[Event "Arber op 2nd"]
[Site "Bayerisch Eisenstein"]
[Date "2013.06.29"]
[Round "1"]
[White "Alvarez, Luis"]
[Black "Stadtmueller, Harald"]
[Result "0-1"]
[WhiteElo "1905"]
[BlackElo "2147"]
[PlyCount "62"]
[EventDate "2013.06.29"]
[EventType "swiss"]
[EventRounds "9"]
[EventCountry "GER"]
[SourceTitle "CBM 155 Extra"]
[Source "ChessBase"]
[SourceDate "2013.08.26"]
[SourceVersion "1"]
[SourceVersionDate "2013.08.26"]
[SourceQuality "1"]

1. e4 g6 2. d4 Bg7 3. Nf3 d6 4. h3 Nd7 5. c4 e5 6. Nc3 Ne7 7. Be3 0-0 8. Bd3 Nc6 9. d5 Nd4 10. Rc1 Nc5 11. Bb1 Nxf3+ 12. Qxf3 f5 13. exf5 Bxf5 14. Qe2 a5 15. b3 b6 16. 0-0 Qe7 17. Qd2 Rae8 18. Rce1 Qd7 19. f3 Qf7 20. Ne4 Bxe4 21. Bxe4 Qe7 22. Bg5 Bf6 23. Bxf6 Qxf6 24. Qe3 Re7 25. Qe2 Ref7 26. Bb1 Qg5 27. Qe3 Qg3 28. Re2 Rf4 29. Rff2 e4 30. Kh1 exf3 31. Re1 fxg2+ 0-1

[Event "Oberliga Ost-B 1213"]
[Site "Germany"]
[Date "2013.03.17"]
[Round "9.7"]
[White "Schmuck, Helmut"]
[Black "Stadtmueller, Harald"]
[Result "1-0"]
[WhiteElo "2088"]
[BlackElo "2125"]
[PlyCount "79"]
[EventDate "2012.09.30"]
[EventType "team-tourn"]
[EventRounds "11"]
[EventCountry "GER"]
[SourceTitle "EXT 2014"]
[Source "ChessBase"]
[SourceDate "2013.11.20"]
[SourceVersion "1"]
[SourceVersionDate "2013.11.20"]
[SourceQuality "1"]
[WhiteTeam "Erfurt Empor"]
[BlackTeam "Offenbach"]
[WhiteTeamCountry "GER"]
[BlackTeamCountry "GER"]

1. d4 g6 2. c4 Bg7 3. Nc3 d6 4. e4 e5 5. d5 a5 6. Bd3 Na6 7. Nge2 Nc5 8. Bc2 Nf6 9. f3 0-0 10. Bg5 c6 11. Qd2 cxd5 12. Nxd5 Be6 13. Nec3 Re8 14. 0-0 Ncd7 15. Ba4 Rf8 16. Bxd7 Bxd7 17. f4 h6 18. fxe5 hxg5 19. exf6 Bh6 20. h4 Re8 21. hxg5 Bf8 22. Qf4 Qc8 23. b3 a4 24. Ne7+ Bxe7 25. fxe7 Qc5+ 26. Kh1 Be6 27. Nxa4 Rxa4 28. bxa4 Rxe7 29. Qf6 Re8 30. Rf4 Qe5 31. Rc1 Ra8 32. Qxe5 dxe5 33. Rf2 Rxa4 34. Rfc2 Ra3 35. Rb2 Re3 36. Rxb7 Rxe4 37. c5 Re2 38. Rd1 Rc2 39. Rd8+ Kg7 40. Rbb8 1-0

[Event "Oberliga Ost-B 1213"]
[Site "Germany"]
[Date "2013.02.24"]
[Round "8.6"]
[White "Boehm, Christian"]
[Black "Stadtmueller, Harald"]
[Result "0-1"]
[WhiteElo "1928"]
[BlackElo "2125"]
[PlyCount "148"]
[EventDate "2012.09.30"]
[EventType "team-tourn"]
[EventRounds "11"]
[EventCountry "GER"]
[SourceTitle "EXT 2014"]
[Source "ChessBase"]
[SourceDate "2013.11.20"]
[SourceVersion "1"]
[SourceVersionDate "2013.11.20"]
[SourceQuality "1"]
[WhiteTeam "Jena Jenapharm"]
[BlackTeam "Offenbach"]
[WhiteTeamCountry "GER"]
[BlackTeamCountry "GER"]

1. Nf3 g6 2. g3 Bg7 3. Bg2 e5 4. d3 d6 5. 0-0 Nc6 6. c4 f5 7. Nc3 Nf6 8. Rb1 0-0 9. b4 h6 10. b5 Ne7 11. Bb2 Be6 12. c5 g5 13. cxd6 cxd6 14. Nd2 d5 15. Na4 Ng6 16. Nc5 Bc8 17. Qb3 Kh7 18. Nf3 Re8 19. d4 e4 20. Ne5 Nxe5 21. dxe5 Ng4 22. Rfd1 Nxe5 23. Qxd5 Qxd5 24. Rxd5 b6 25. Bxe5 Rxe5 26. Rxe5 Bxe5 27. Nxe4 Rb8 28. Nd2 Be6 29. Nf3 Bxa2 30. Rd1 Bg7 31. Nd4 Rd8 32. e3 Bxd4 33. Rxd4 Rxd4 34. exd4 Kg6 35. f4 gxf4 36. gxf4 Kf6 37. Kf2 Ke6 38. Ke3 Bc4 39. Bc6 Kd6 40. Be8 a5 41. bxa6 Bxa6 42. Ba4 Bc4 43. Kd2 Bd5 44. Bc2 Be6 45. Kc3 Bd7 46. Bb3 Bc6 47. Bc2 Be4 48. Ba4 Bb1 49. Kb2 Bd3 50. Kc3 Ba6 51. Bc2 Bc8 52. Bb3 Kc6 53. Kb4 Ba6 54. Bc2 Bc8 55. Bb3 Bd7 56. Ba4+ Kd6 57. Bb3 Bc6 58. Bc4 Bd5 59. Bd3 Be4 60. Bc4 Bc6 61. Bd3 Kd5 62. Bxf5 Kxd4 63. Bc8 Be8 64. h3 Ke4 65. f5 Ke5 66. Kc4 h5 67. Be6 h4 68. Bc8 Bc6 69. Kb4 Kf6 70. Kc4 Bg2 71. Kb5 Bxh3 72. Bb7 Bxf5 73. Kxb6 h3 74. Kc5 Ke5 0-1

[Event "Oberliga Ost-B 1213"]
[Site "Germany"]
[Date "2013.01.13"]
[Round "5.5"]
[White "Vieweg, Klaus"]
[Black "Stadtmueller, Harald"]
[Result "0-1"]
[WhiteElo "2097"]
[BlackElo "2125"]
[PlyCount "48"]
[EventDate "2012.09.30"]
[EventType "team-tourn"]
[EventRounds "11"]
[EventCountry "GER"]
[SourceTitle "EXT 2014"]
[Source "ChessBase"]
[SourceDate "2013.11.20"]
[SourceVersion "1"]
[SourceVersionDate "2013.11.20"]
[SourceQuality "1"]
[WhiteTeam "Jena Schott"]
[BlackTeam "Offenbach"]
[WhiteTeamCountry "GER"]
[BlackTeamCountry "GER"]

1. Nf3 g6 2. g3 Bg7 3. d4 d6 4. Bg2 Nd7 5. c4 e5 6. Nc3 Ne7 7. h3 0-0 8. e4 Nc6 9. dxe5 Ndxe5 10. Nxe5 Nxe5 11. Qe2 Be6 12. Nd5 f5 13. Bf4 fxe4 14. Bxe5 Bxe5 15. Qxe4 Qd7 16. Qe2 Rae8 17. 0-0 Bxh3 18. Qd2 c6 19. Ne3 Bxg2 20. Kxg2 Qf7 21. f4 Bxb2 22. Rab1 Bg7 23. Rf3 Qe7 24. Rd1 Rf6 0-1

[Event "Arber op 1st"]
[Site "Bayerisch Eisenstein"]
[Date "2012.08.25"]
[Round "8"]
[White "Stadtmueller, Harald"]
[Black "Lavrinenkov, Vadim"]
[Result "1/2-1/2"]
[WhiteElo "2059"]
[BlackElo "1902"]
[PlyCount "25"]
[EventDate "2012.08.18"]
[EventType "swiss"]
[EventRounds "9"]
[EventCountry "GER"]
[SourceTitle "CBM 150 Extra"]
[Source "ChessBase"]
[SourceDate "2012.10.19"]
[SourceVersion "1"]
[SourceVersionDate "2012.10.19"]
[SourceQuality "1"]

1. d4 d5 2. Nf3 Nf6 3. Bf4 e6 4. e3 c5 5. c3 Nc6 6. Nbd2 Bd6 7. Bg3 cxd4 8. exd4 Bxg3 9. hxg3 a6 10. Bd3 Qc7 11. a3 Na5 12. Ne5 Nc4 13. Rb1 1/2-1/2

[Event "Arber op 1st"]
[Site "Bayerisch Eisenstein"]
[Date "2012.08.19"]
[Round "2"]
[White "Heinzel, Olaf"]
[Black "Stadtmueller, Harald"]
[Result "1/2-1/2"]
[WhiteElo "2341"]
[BlackElo "2059"]
[PlyCount "22"]
[EventDate "2012.08.18"]
[EventType "swiss"]
[EventRounds "9"]
[EventCountry "GER"]
[SourceTitle "CBM 150 Extra"]
[Source "ChessBase"]
[SourceDate "2012.10.19"]
[SourceVersion "1"]
[SourceVersionDate "2012.10.19"]
[SourceQuality "1"]

1. Nf3 g6 2. d4 Bg7 3. g3 d6 4. Bg2 Nd7 5. 0-0 e5 6. dxe5 dxe5 7. Nc3 Ne7 8. Qd2 0-0 9. Rd1 Re8 10. e4 Nc6 11. Nd5 Nf6 1/2-1/2

[Event "Oberliga Ost-B 1112"]
[Site "Germany"]
[Date "2012.04.14"]
[Round "10.6"]
[White "Streit, Juergen"]
[Black "Stadtmueller, Harald"]
[Result "0-1"]
[WhiteElo "1933"]
[BlackElo "2132"]
[PlyCount "106"]
[EventDate "2011.10.02"]
[EventType "team-tourn"]
[EventRounds "11"]
[EventCountry "GER"]
[SourceTitle "EXT 2013"]
[Source "ChessBase"]
[SourceDate "2012.11.22"]
[SourceVersion "1"]
[SourceVersionDate "2012.11.22"]
[SourceQuality "1"]
[WhiteTeam "Elstertal"]
[BlackTeam "Offenbach"]
[WhiteTeamCountry "GER"]
[BlackTeamCountry "GER"]

1. e4 g6 2. d4 Bg7 3. Nc3 d6 4. Nf3 a6 5. h3 Nd7 6. Be3 b5 7. a3 c5 8. Be2 cxd4 9. Bxd4 Ngf6 10. 0-0 0-0 11. e5 dxe5 12. Nxe5 Nxe5 13. Bxe5 Bb7 14. Qd4 Qc8 15. Rad1 Rd8 16. Qf4 Qe6 17. Bc7 Rxd1 18. Rxd1 Nd5 19. Nxd5 Qxe2 20. Ne3 Bxb2 21. Rd7 Re8 22. Bd6 Bc8 23. Rxe7 Rxe7 24. Bxe7 Qe1+ 25. Kh2 Qc3 26. Bd6 Qf6 27. Qg3 Be6 28. Nd1 Bd4 29. c3 Bb6 30. Be5 Qe7 31. Qf4 Bd8 32. Bd6 Qg5 33. Qf3 Bd5 34. Qg3 Qxg3+ 35. Kxg3 f6 36. Nb2 Ba5 37. Bb4 Bc7+ 38. f4 g5 39. Kf2 Bxf4 40. Nd3 Bc7 41. Bc5 Kf7 42. Bd4 h5 43. Nc5 a5 44. Nd7 Bd8 45. Nb6 Ke6 46. a4 bxa4 47. Nxa4 Bc6 48. Nc5+ Kd5 49. g3 a4 50. Ke2 Be7 51. Nd3 a3 52. Ke3 Kc4 53. Nb4 Bg2 0-1

[Event "Berlin Lichtenberger op 10th"]
[Site "Berlin"]
[Date "2011.08.21"]
[Round "9"]
[White "Stadtmueller, Harald"]
[Black "Stark, Ingo"]
[Result "0-1"]
[WhiteElo "2132"]
[BlackElo "2166"]
[PlyCount "66"]
[EventDate "2011.08.13"]
[EventType "swiss"]
[EventRounds "9"]
[EventCountry "GER"]
[SourceTitle "CBM 143 Extra"]
[Source "ChessBase"]
[SourceDate "2011.08.29"]
[SourceVersion "1"]
[SourceVersionDate "2011.08.29"]
[SourceQuality "1"]

1. d4 Nf6 2. Nf3 e6 3. Bf4 b5 4. e3 a6 5. Nbd2 Bb7 6. Bd3 c5 7. c3 Nc6 8. 0-0 d6 9. Qe2 c4 10. Bc2 Qc7 11. h3 Be7 12. e4 e5 13. Be3 0-0 14. d5 Nb8 15. Nh2 Nbd7 16. f4 exf4 17. Bxf4 Rae8 18. Kh1 Bd8 19. Qf3 Ne5 20. Bxe5 Rxe5 21. Ng4 Nxg4 22. Qxg4 Bc8 23. Qg3 Rg5 24. Qf4 Rh5 25. Nf3 Bf6 26. Nd4 Be5 27. Qe3 Qd8 28. Bd1 Rh6 29. Nc6 Qe8 30. a4 Bd7 31. axb5 axb5 32. Nxe5 Qxe5 33. Qf4 Rf6 0-1

[Event "Berlin Lichtenberger op 10th"]
[Site "Berlin"]
[Date "2011.08.20"]
[Round "8"]
[White "Niehaus, Frank"]
[Black "Stadtmueller, Harald"]
[Result "1/2-1/2"]
[WhiteElo "2190"]
[BlackElo "2132"]
[PlyCount "22"]
[EventDate "2011.08.13"]
[EventType "swiss"]
[EventRounds "9"]
[EventCountry "GER"]
[SourceTitle "CBM 143 Extra"]
[Source "ChessBase"]
[SourceDate "2011.08.29"]
[SourceVersion "1"]
[SourceVersionDate "2011.08.29"]
[SourceQuality "1"]

1. e4 g6 2. d4 Bg7 3. c4 d6 4. Nc3 e5 5. Nf3 exd4 6. Nxd4 Nc6 7. Be3 Nge7 8. Be2 0-0 9. 0-0 f5 10. exf5 Bxd4 11. Bxd4 Nxf5 1/2-1/2

[Event "Berlin Lichtenberger op 10th"]
[Site "Berlin"]
[Date "2011.08.19"]
[Round "7"]
[White "Stadtmueller, Harald"]
[Black "Mayer, Herbert"]
[Result "1-0"]
[WhiteElo "2132"]
[BlackElo "1948"]
[PlyCount "91"]
[EventDate "2011.08.13"]
[EventType "swiss"]
[EventRounds "9"]
[EventCountry "GER"]
[SourceTitle "CBM 143 Extra"]
[Source "ChessBase"]
[SourceDate "2011.08.29"]
[SourceVersion "1"]
[SourceVersionDate "2011.08.29"]
[SourceQuality "1"]

1. d4 Nf6 2. Bf4 d5 3. e3 g6 4. Be2 Bg7 5. Nf3 0-0 6. 0-0 c5 7. c3 Nc6 8. Ne5 cxd4 9. cxd4 Nxe5 10. Bxe5 Nd7 11. Bxg7 Kxg7 12. Nc3 Nf6 13. Qb3 b6 14. Rfc1 Bb7 15. Nb5 Ba6 16. Rc2 Bxb5 17. Qxb5 Rc8 18. Rac1 Rxc2 19. Rxc2 e6 20. Qc6 Qb8 21. Qc7 Rd8 22. a4 Qxc7 23. Rxc7 Rd7 24. Rc8 Ne4 25. Bb5 Re7 26. Rc6 h6 27. Kf1 Nd2+ 28. Ke2 Nb3 29. Kd3 Na5 30. Rc8 Nb7 31. Ba6 Nd6 32. Rc6 Ne8 33. Rc8 Nd6 34. Rc2 Ne8 35. Bb5 Nc7 36. Bc6 f6 37. b4 Kf7 38. b5 e5 39. a5 exd4 40. axb6 axb6 41. exd4 Ke6 42. Ra2 Kd6 43. Ra7 Re1 44. Rb7 Rd1+ 45. Ke3 Ne6 46. Rd7# 1-0

[Event "Berlin Lichtenberger op 10th"]
[Site "Berlin"]
[Date "2011.08.18"]
[Round "6"]
[White "Simon, Ralf Axel"]
[Black "Stadtmueller, Harald"]
[Result "1-0"]
[WhiteElo "2200"]
[BlackElo "2132"]
[PlyCount "41"]
[EventDate "2011.08.13"]
[EventType "swiss"]
[EventRounds "9"]
[EventCountry "GER"]
[SourceTitle "CBM 143 Extra"]
[Source "ChessBase"]
[SourceDate "2011.08.29"]
[SourceVersion "1"]
[SourceVersionDate "2011.08.29"]
[SourceQuality "1"]

1. d4 g6 2. e4 Bg7 3. c4 d6 4. Ne2 e5 5. Be3 exd4 6. Nxd4 Nc6 7. Nc3 Nge7 8. Be2 0-0 9. 0-0 f5 10. Qd2 Bxd4 11. Bxd4 f4 12. c5 Nxd4 13. Qxd4 Be6 14. Bc4 Bxc4 15. Qxc4+ Kg7 16. Rfd1 Nc6 17. cxd6 cxd6 18. Nb5 Rf6 19. Qc3 Kh6 20. Nc7 Rc8 21. Qh3+ 1-0

[Event "Oberliga Ost-B 1011"]
[Site "Germany"]
[Date "2011.04.10"]
[Round "11.5"]
[White "Henrich, Thomas"]
[Black "Stadtmueller, Harald"]
[Result "1/2-1/2"]
[WhiteElo "2212"]
[BlackElo "2126"]
[PlyCount "22"]
[EventDate "2010.10.24"]
[EventType "team-tourn"]
[EventRounds "11"]
[EventCountry "GER"]
[SourceTitle "EXT 2012"]
[Source "ChessBase"]
[SourceDate "2011.11.24"]
[SourceVersion "1"]
[SourceVersionDate "2011.11.24"]
[SourceQuality "1"]
[WhiteTeam "Giessen"]
[BlackTeam "Offenbach"]
[WhiteTeamCountry "GER"]
[BlackTeamCountry "GER"]

1. d4 g6 2. c4 Bg7 3. Nc3 d6 4. e4 e5 5. Nf3 exd4 6. Nxd4 Nc6 7. Be3 Nge7 8. Be2 0-0 9. 0-0 f5 10. exf5 Bxd4 11. Bxd4 Nxf5 1/2-1/2

[Event "Oberliga Ost-B 1011"]
[Site "Germany"]
[Date "2010.12.12"]
[Round "4.7"]
[White "Stadtmueller, Harald"]
[Black "Rueger, Erhard"]
[Result "0-1"]
[WhiteElo "2126"]
[BlackElo "2195"]
[PlyCount "48"]
[EventDate "2010.10.24"]
[EventType "team-tourn"]
[EventRounds "11"]
[EventCountry "GER"]
[SourceTitle "EXT 2012"]
[Source "ChessBase"]
[SourceDate "2011.11.24"]
[SourceVersion "1"]
[SourceVersionDate "2011.11.24"]
[SourceQuality "1"]
[WhiteTeam "Offenbach"]
[BlackTeam "Frankfurt BvK"]
[WhiteTeamCountry "GER"]
[BlackTeamCountry "GER"]

1. d4 Nf6 2. Nf3 c5 3. d5 e6 4. Nc3 exd5 5. Nxd5 Nxd5 6. Qxd5 Be7 7. Bg5 Nc6 8. c3 d6 9. e4 Be6 10. Qd2 0-0 11. Be2 h6 12. Bf4 d5 13. exd5 Qxd5 14. Qxd5 Bxd5 15. 0-0 Rfe8 16. Nd2 Bg5 17. Bxg5 Rxe2 18. Be3 Re8 19. Rfd1 Bxg2 20. Bxc5 Bh3 21. b4 Ne5 22. Bd4 Rxd2 23. Bxe5 Rxd1+ 24. Rxd1 Rxe5 0-1

[Event "Oberliga Ost-B 1011"]
[Site "Germany"]
[Date "2010.11.14"]
[Round "3.6"]
[White "Eckhardt, Thorsten"]
[Black "Stadtmueller, Harald"]
[Result "1/2-1/2"]
[WhiteElo "2128"]
[BlackElo "2126"]
[PlyCount "27"]
[EventDate "2010.10.24"]
[EventType "team-tourn"]
[EventRounds "11"]
[EventCountry "GER"]
[SourceTitle "EXT 2012"]
[Source "ChessBase"]
[SourceDate "2011.11.24"]
[SourceVersion "1"]
[SourceVersionDate "2011.11.24"]
[SourceQuality "1"]
[WhiteTeam "Hungen Lich"]
[BlackTeam "Offenbach"]
[WhiteTeamCountry "GER"]
[BlackTeamCountry "GER"]

1. b3 Nf6 2. Bb2 g6 3. f4 Bg7 4. Nf3 0-0 5. e3 d6 6. Be2 c5 7. 0-0 Nc6 8. Qe1 Bg4 9. Qh4 Bxf3 10. Bxf3 e6 11. a4 Ne8 12. Qxd8 Rxd8 13. Bxg7 Kxg7 14. Bxc6 1/2-1/2

[Event "Frankfurt-ch"]
[Site "Frankfurt"]
[Date "2010.05.03"]
[Round "2"]
[White "Zimmer, Gerald"]
[Black "Stadtmueller, Harald"]
[Result "1-0"]
[WhiteElo "1779"]
[BlackElo "2163"]
[PlyCount "109"]
[EventDate "2010.04.26"]
[EventType "swiss"]
[EventRounds "7"]
[EventCountry "GER"]
[SourceTitle "EXT 2011"]
[Source "ChessBase"]
[SourceDate "2010.11.26"]
[SourceVersion "1"]
[SourceVersionDate "2010.11.26"]
[SourceQuality "1"]

1. d4 g6 2. c4 Bg7 3. Nc3 d6 4. e4 e5 5. dxe5 Bxe5 6. Qc2 Nc6 7. Nf3 Bg7 8. Bg5 Bf6 9. Bxf6 Nxf6 10. Be2 Bg4 11. 0-0-0 Bxf3 12. Bxf3 Ne5 13. Rhe1 Nxf3 14. gxf3 0-0 15. e5 Ne8 16. f4 Qh4 17. Qe4 dxe5 18. fxe5 Qxe4 19. Nxe4 Ng7 20. Rd7 Ne6 21. Red1 h6 22. Kc2 Rfd8 23. Rxd8+ Rxd8 24. Rxd8+ Nxd8 25. Nf6+ Kf8 26. Kd3 Ne6 27. Ke4 Ng5+ 28. Ke3 h5 29. Kf4 Ne6+ 30. Ke4 Ke7 31. f4 Nc5+ 32. Kd4 Ne6+ 33. Ke4 c6 34. Ng8+ Kf8 35. Nf6 Ng7 36. Nd7+ Ke7 37. Nf6 Ke6 38. Nh7 Nf5 39. Nf6 Nh6 40. h3 Nf5 41. Ne8 Ke7 42. Nf6 a5 43. b3 Ng7 44. Ng8+ Ke6 45. Nf6 Nf5 46. Ne8 h4 47. c5 Ng3+ 48. Kf3 Kd5 49. Nd6 Kxc5 50. Nxf7 Nf5 51. Nh8 Ne7 52. Kg4 Kb4 53. Kg5 Ka3 54. Nxg6 Ng8 55. f5 1-0

[Event "Oberliga Ost-B 0910"]
[Site "Germany"]
[Date "2010.04.10"]
[Round "10.8"]
[White "Stadtmueller, Harald"]
[Black "Fleuch, Hans Juergen"]
[Result "1/2-1/2"]
[WhiteElo "2160"]
[BlackElo "2133"]
[PlyCount "36"]
[EventDate "2009.10.18"]
[EventType "team-tourn"]
[EventRounds "11"]
[EventCountry "GER"]
[SourceTitle "EXT 2011"]
[Source "ChessBase"]
[SourceDate "2010.11.26"]
[SourceVersion "1"]
[SourceVersionDate "2010.11.26"]
[SourceQuality "1"]
[WhiteTeam "Offenbach"]
[BlackTeam "Hungen Lich"]
[WhiteTeamCountry "GER"]
[BlackTeamCountry "GER"]

1. d4 Nc6 2. Nf3 d5 3. Bf4 Bg4 4. e3 e6 5. Be2 Bd6 6. Bg3 Nge7 7. c4 Ng6 8. cxd5 exd5 9. Nc3 Bxg3 10. hxg3 Nce7 11. Qb3 b6 12. Rc1 Bf5 13. Ba6 c6 14. a4 Rb8 15. Qa3 0-0 16. 0-0 Nc8 17. Rfd1 Qf6 18. b4 Bd7 1/2-1/2

[Event "Karl Mala Memorial op 12th"]
[Site "Frankfurt"]
[Date "2009.07.16"]
[Round "1"]
[White "Abrahamyan, Arsen"]
[Black "Stadtmueller, Harald"]
[Result "0-1"]
[WhiteElo "1688"]
[BlackElo "2160"]
[PlyCount "86"]
[EventDate "2009.07.16"]
[EventType "swiss"]
[EventRounds "7"]
[EventCountry "GER"]
[SourceTitle "EXT 2010"]
[Source "ChessBase"]
[SourceDate "2010.11.25"]
[SourceVersion "1"]
[SourceVersionDate "2010.11.25"]
[SourceQuality "1"]

1. e4 d6 2. d4 Nf6 3. Nc3 g6 4. Bg5 Bg7 5. Nf3 c6 6. Be2 Bg4 7. h3 Bxf3 8. Bxf3 Nbd7 9. 0-0 0-0 10. Qd2 e5 11. d5 c5 12. Nb5 Qb8 13. c4 a6 14. Na3 b5 15. b4 bxc4 16. Nxc4 cxb4 17. Rab1 a5 18. a3 Nc5 19. Bxf6 Bxf6 20. axb4 axb4 21. Rxb4 Qc7 22. Rfb1 Rab8 23. Rxb8 Rxb8 24. Rxb8+ Qxb8 25. Qb2 Qxb2 26. Nxb2 Bd8 27. Nc4 Bc7 28. Kf1 Kf8 29. Ke2 Ke7 30. Ke3 f5 31. g3 Nd7 32. Bg2 Bb6+ 33. Nxb6 Nxb6 34. f3 Nd7 35. g4 fxe4 36. fxe4 g5 37. Bf3 Kd8 38. Kd3 Kc7 39. Kc4 Kb6 40. Kb4 Nc5 41. Bg2 Nd3+ 42. Kc3 Nf4 43. Bf1 Kc5 0-1

[Event "Rhein Main op 12th"]
[Site "Bad Homburg"]
[Date "2009.06.13"]
[Round "6"]
[White "Stadtmueller, Harald"]
[Black "Held, Carsten"]
[Result "1/2-1/2"]
[WhiteElo "2176"]
[BlackElo "1967"]
[PlyCount "52"]
[EventDate "2009.06.10"]
[EventType "swiss"]
[EventRounds "7"]
[EventCountry "GER"]
[SourceTitle "CBM 131 Extra"]
[Source "ChessBase"]
[SourceDate "2009.09.03"]
[SourceVersion "2"]
[SourceVersionDate "2009.09.16"]
[SourceQuality "1"]

1. d4 Nf6 2. Nf3 g6 3. Bf4 Bg7 4. e3 d6 5. Be2 0-0 6. 0-0 Nbd7 7. h3 c5 8. c3 b6 9. Nbd2 Bb7 10. Bh2 Rc8 11. a4 a6 12. Bd3 Rc7 13. Qe2 Qa8 14. e4 cxd4 15. cxd4 Ne8 16. Rfc1 Rc8 17. b4 Nc7 18. Rab1 Rfd8 19. Bf4 Ne8 20. Nb3 e6 21. Bg5 Rxc1+ 22. Rxc1 Rc8 23. Ne1 Rxc1 24. Bxc1 Bc6 25. b5 axb5 26. Bxb5 Nc7 1/2-1/2

[Event "Rhein Main op 12th"]
[Site "Bad Homburg"]
[Date "2009.06.10"]
[Round "1"]
[White "Jaquet, Reinier"]
[Black "Stadtmueller, Harald"]
[Result "1/2-1/2"]
[WhiteElo "2009"]
[BlackElo "2176"]
[PlyCount "88"]
[EventDate "2009.06.10"]
[EventType "swiss"]
[EventRounds "7"]
[EventCountry "GER"]
[SourceTitle "CBM 131 Extra"]
[Source "ChessBase"]
[SourceDate "2009.09.03"]
[SourceVersion "2"]
[SourceVersionDate "2009.09.16"]
[SourceQuality "1"]

1. e4 d6 2. Nf3 Nf6 3. c3 g6 4. Bc4 Bg7 5. 0-0 0-0 6. Qe2 c6 7. d4 d5 8. exd5 cxd5 9. Bd3 Bg4 10. h3 Bxf3 11. Qxf3 Nc6 12. Bg5 h6 13. Bh4 Qd7 14. Nd2 Ne8 15. Qg4 Qxg4 16. hxg4 Nd6 17. f4 f5 18. Rae1 Ne4 19. Nf3 e6 20. g5 h5 21. Re2 a6 22. Be1 b5 23. a3 Na5 24. Ne5 Bxe5 25. dxe5 Rfc8 26. Bxe4 dxe4 27. Bf2 Nc4 28. Rd1 Rd8 29. Rxd8+ Rxd8 30. Bd4 a5 31. b3 Nxa3 32. Ra2 b4 33. Bc5 Rb8 34. cxb4 axb4 35. Bd6 Rb7 36. Bxb4 Rxb4 37. Rxa3 e3 38. g3 h4 39. Kg2 e2 40. Ra1 hxg3 41. Kxg3 Rxb3+ 42. Kf2 Rb4 43. Kf3 Kf7 44. Re1 Ke7 1/2-1/2

[Event "Oberliga Ost-B 0809"]
[Site "Germany"]
[Date "2009.01.18"]
[Round "5.7"]
[White "Stadtmueller, Harald"]
[Black "Taudte, Stefan"]
[Result "1-0"]
[WhiteElo "2176"]
[BlackElo "2093"]
[PlyCount "65"]
[EventDate "2008.10.26"]
[EventType "team-tourn"]
[EventRounds "11"]
[EventCountry "GER"]
[SourceTitle "EXT 2010"]
[Source "ChessBase"]
[SourceDate "2010.11.25"]
[SourceVersion "1"]
[SourceVersionDate "2010.11.25"]
[SourceQuality "1"]
[WhiteTeam "Offenbach"]
[BlackTeam "Erfurt Empor"]
[WhiteTeamCountry "GER"]
[BlackTeamCountry "GER"]

1. d4 Nf6 2. Nf3 c5 3. d5 e6 4. Nc3 exd5 5. Nxd5 Nxd5 6. Qxd5 Nc6 7. e4 Be7 8. c3 d6 9. Be2 Be6 10. Qh5 h6 11. Nd2 g6 12. Qf3 Qc7 13. 0-0 0-0-0 14. Nc4 h5 15. Re1 g5 16. Bf1 g4 17. Qe2 Rdg8 18. Bf4 Bxc4 19. Qxc4 Bg5 20. Qd5 Bxf4 21. Qf5+ Kb8 22. Qxf4 Ne5 23. Kh1 Qe7 24. Rad1 Rg6 25. Rd5 h4 26. Red1 Rhg8 27. Qd2 g3 28. fxg3 hxg3 29. Rxd6 Ng4 30. hxg3 Qe5 31. Rd8+ Kc7 32. Qd7+ Kb6 33. Qb5+ 1-0

[Event "Frankfurt-ch"]
[Site "Frankfurt"]
[Date "2008.06.16"]
[Round "7"]
[White "Stadtmueller, Harald"]
[Black "Kolker, Vladislav"]
[Result "1/2-1/2"]
[WhiteElo "2192"]
[BlackElo "2091"]
[PlyCount "79"]
[EventDate "2008.04.28"]
[EventType "swiss"]
[EventRounds "7"]
[EventCountry "GER"]
[SourceTitle "EXT 2009"]
[Source "ChessBase"]
[SourceDate "2008.11.26"]
[SourceVersion "1"]
[SourceVersionDate "2008.11.26"]
[SourceQuality "1"]

1. d4 Nf6 2. Nf3 g6 3. Bf4 Bg7 4. e3 d6 5. h3 0-0 6. Be2 Nh5 7. Bh2 f5 8. 0-0 f4 9. e4 e5 10. Nc3 Nc6 11. dxe5 dxe5 12. Nd5 Nf6 13. Nxf6+ Qxf6 14. c3 Be6 15. Nd2 Rad8 16. Qc2 Kh8 17. Rad1 g5 18. Nb3 g4 19. Rxd8 Qxd8 20. Nc5 Bc8 21. Bxg4 Bxg4 22. hxg4 Qh4 23. f3 Rf6 24. Qf2 Qg5 25. Nxb7 h5 26. gxh5 Qxh5 27. g4 fxg3 28. Bxg3 Bh6 29. Kg2 Rg6 30. Rh1 Qg5 31. Rh3 Kg8 32. Kh2 Qc1 33. Rh4 Be3 34. Qg2 Bd2 35. Rg4 Rxg4 36. fxg4 Qxb2 37. Nc5 Qxc3 38. Ne6 Nd4 39. Nxd4 Qxd4 40. Qf2 1/2-1/2

[Event "Frankfurt-ch"]
[Site "Frankfurt"]
[Date "2008.05.05"]
[Round "2"]
[White "Geringer, Waldemar"]
[Black "Stadtmueller, Harald"]
[Result "0-1"]
[WhiteElo "1886"]
[BlackElo "2192"]
[PlyCount "84"]
[EventDate "2008.04.28"]
[EventType "swiss"]
[EventRounds "7"]
[EventCountry "GER"]
[SourceTitle "EXT 2009"]
[Source "ChessBase"]
[SourceDate "2008.11.26"]
[SourceVersion "1"]
[SourceVersionDate "2008.11.26"]
[SourceQuality "1"]

1. d4 g6 2. c4 Bg7 3. Nc3 d6 4. e4 e5 5. Nf3 exd4 6. Nxd4 Nc6 7. Be3 Nge7 8. Be2 0-0 9. 0-0 f5 10. exf5 Bxd4 11. fxg6 Bxe3 12. gxh7+ Kh8 13. fxe3 Rxf1+ 14. Qxf1 Bf5 15. e4 Bg6 16. Qf6+ Kxh7 17. Qh4+ Kg7 18. Rf1 Ng8 19. Qg3 Ne5 20. h4 Kh8 21. Qf4 c6 22. Nd1 Qb6+ 23. Kh1 Qd4 24. Bf3 Qxc4 25. Ne3 Qf7 26. Nf5 Bxf5 27. exf5 Rf8 28. Be4 Qf6 29. g3 Rf7 30. Kg2 Rg7 31. Kh3 Nh6 32. Qe3 a6 33. Rf4 d5 34. Bc2 Nc4 35. Qc3 Qxc3 36. bxc3 Ne3 37. f6 Rg4 38. Rxg4 Nhxg4 39. Bg6 Nxf6 40. h5 Kg7 41. Kh4 Kh6 42. a4 a5 0-1